general aptitude test : (Record no. 591884)

000 -LEADER
fixed length control field 00615nam a22001457a 4500
020 ## - INTERNATIONAL STANDARD BOOK NUMBER
International Standard Book Number 9789695730911
040 ## - CATALOGING SOURCE
Transcribing agency NUST
082 ## - DEWEY DECIMAL CLASSIFICATION NUMBER
Classification number 153.94,GEN
245 ## - TITLE STATEMENT
Title general aptitude test :
Remainder of title your complete guide to a higher score /
250 ## - EDITION STATEMENT
Edition statement Jahangir Success Series
260 ## - PUBLICATION, DISTRIBUTION, ETC.
Place of publication, distribution, etc. Lahore
Name of publisher, distributor, etc. Jahangir
300 ## - PHYSICAL DESCRIPTION
Extent 600 P.:
505 ## - FORMATTED CONTENTS NOTE
Formatted contents note Keys to Success (Page-xi), Model Paper (Page-1), English (Page-23), General Abilities (Page-153),General Knowledge (Page-329), Islamiat (Page-515), General Intelligence tests (Page-539), Picture story writing (Page-567),Model entry Tests (Page-577).
942 ## - ADDED ENTRY ELEMENTS (KOHA)
Source of classification or shelving scheme
Koha item type Book
Call number prefix 153.94,GEN
Holdings
Withdrawn status Lost status Source of classification or shelving scheme Damaged status Not for loan Permanent Location Current Location Shelving location Date acquired Total Checkouts Full call number Barcode Date last seen Date last checked out Price effective from Koha item type Public note
          Military College of Signals (MCS) Military College of Signals (MCS) General Stacks 10/17/2022 2 153.94,GEN MCS37903 01/10/2023 01/10/2023 10/17/2022 Book Almirah No.46, Shelf No.3
© 2023 Central Library, National University of Sciences and Technology. All Rights Reserved.